Gaming Quiz

Random Gaming Quiz

Extreme Demons of Geometry Dash Quiz Stats

 Plays Quiz not verified by Sporcle

Challenge
Share
Tweet
Score 0/15 Timer 05:00
1 Play Today
% Correct
Bloodbath
80.7%
Cataclysm
76%
Sakupen Hell
73.6%
Sonic Wave
72.7%
Heartbeat
69.1%
Conical Depression
68%
The Hell Factory
63.9%
Yatagarasu
59.2%
% Correct
Red World
59.2%
Bausha Vortex
49%
Phobos
45.7%
A Bizarre Phantasm
41.6%
Artificial Ascent
40.5%
The Hell Zone
39.7%
The Hell World
24.5%

You're not logged in!

Compare scores with friends on all Sporcle quizzes.
Join for Free
OR
Log In

You Might Also Like...

Show Comments

Extras

Created Mar 22, 2017ReportNominate
Tags:dash, demon, extreme, geometry

Top Quizzes Today


Score Distribution

Your Account Isn't Verified!

In order to create a playlist on Sporcle, you need to verify the email address you used during registration. Go to your Sporcle Settings to finish the process.

Report this User

Report this user for behavior that violates our Community Guidelines.

Details: